All Rafael Nadal Title Opponents - Statistics

General Stats
  • This quiz has been taken 189 times
  • The average score is 66 of 92
Answer Stats
Year Tournament Category Opponent % Correct
2007 Indian Wells Masters 1000 Novak Djokovic
100%
2008 Queen's Club ATP 250 Novak Djokovic
100%
2009 Monte Carlo Masters 1000 Novak Djokovic
100%
2009 Rome Masters 1000 Novak Djokovic
100%
2010 US Open Grand Slam Novak Djokovic
100%
2012 Monte Carlo Masters 1000 Novak Djokovic
100%
2012 Rome Masters 1000 Novak Djokovic
100%
2012 Roland Garros Grand Slam Novak Djokovic
100%
2013 US Open Grand Slam Novak Djokovic
100%
2014 Roland Garros Grand Slam Novak Djokovic
100%
2019 Rome Masters 1000 Novak Djokovic
100%
2020 Roland Garros Grand Slam Novak Djokovic
100%
2021 Rome Masters 1000 Novak Djokovic
100%
2006 Dubai ATP 500 Roger Federer
100%
2006 Monte Carlo Masters 1000 Roger Federer
100%
2006 Rome Masters 1000 Roger Federer
100%
2006 Roland Garros Grand Slam Roger Federer
100%
2007 Monte Carlo Masters 1000 Roger Federer
100%
2007 Roland Garros Grand Slam Roger Federer
100%
2008 Monte Carlo Masters 1000 Roger Federer
100%
2008 Hamburg Masters 1000 Roger Federer
100%
2008 Roland Garros Grand Slam Roger Federer
100%
2008 Wimbledon Grand Slam Roger Federer
100%
2009 Australian Open Grand Slam Roger Federer
100%
2010 Madrid Masters 1000 Roger Federer
100%
2011 Roland Garros Grand Slam Roger Federer
100%
2013 Rome Masters 1000 Roger Federer
100%
2019 Montreal Masters 1000 Daniil Medvedev
92%
2019 US Open Grand Slam Daniil Medvedev
92%
2022 Australian Open Grand Slam Daniil Medvedev
92%
2007 Stuttgart ATP 500 Stan Wawrinka
91%
2013 Madrid Masters 1000 Stan Wawrinka
91%
2017 Roland Garros Grand Slam Stan Wawrinka
91%
2009 Indian Wells Masters 1000 Andy Murray
90%
2022 Roland Garros Grand Slam Casper Ruud
90%
2008 Barcelona ATP 500 David Ferrer
90%
2009 Barcelona ATP 500 David Ferrer
90%
2010 Rome Masters 1000 David Ferrer
90%
2011 Monte Carlo Masters 1000 David Ferrer
90%
2011 Barcelona ATP 500 David Ferrer
90%
2012 Barcelona ATP 500 David Ferrer
90%
2013 Acapulco ATP 500 David Ferrer
90%
2013 Roland Garros Grand Slam David Ferrer
90%
2017 Barcelona ATP 500 Dominic Thiem
89%
2017 Madrid Masters 1000 Dominic Thiem
89%
2018 Roland Garros Grand Slam Dominic Thiem
89%
2019 Roland Garros Grand Slam Dominic Thiem
89%
2018 Barcelona ATP 500 Stefanos Tsitsipas
86%
2018 Toronto Masters 1000 Stefanos Tsitsipas
86%
2021 Barcelona ATP 500 Stefanos Tsitsipas
86%
2018 Rome Masters 1000 Alexander Zverev
81%
2013 Indian Wells Masters 1000 Juan Martín del Potro
77%
2005 Bastad ATP 250 Tomáš Berdych
72%
2010 Wimbledon Grand Slam Tomáš Berdych
72%
2017 US Open Grand Slam Kevin Anderson
70%
2010 Roland Garros Grand Slam Robin Söderling
70%
2010 Tokyo ATP 500 Gaël Monfils
68%
2014 Doha ATP 250 Gaël Monfils
68%
2016 Monte Carlo Masters 1000 Gaël Monfils
68%
2005 Barcelona ATP 500 Juan Carlos Ferrero
62%
2013 Cincinnati Masters 1000 John Isner
61%
2014 Madrid Masters 1000 Kei Nishikori
61%
2016 Barcelona ATP 500 Kei Nishikori
61%
2018 Monte Carlo Masters 1000 Kei Nishikori
61%
2017 Beijing ATP 500 Nick Kyrgios
59%
2015 Hamburg ATP 500 Fabio Fognini
57%
2005 Roland Garros Grand Slam Mariano Puerta
57%
2013 Montreal Masters 1000 Milos Raonic
52%
2010 Monte Carlo Masters 1000 Fernando Verdasco
50%
2020 Acapulco ATP 500 Taylor Fritz
47%
2005 Montreal Masters 1000 Andre Agassi
46%
2005 Monte Carlo Masters 1000 Guillermo Coria
44%
2005 Rome Masters 1000 Guillermo Coria
44%
2005 Beijing ATP 250 Guillermo Coria
44%
2007 Rome Masters 1000 Fernando González
43%
2008 Beijing Olympics Fernando González
43%
2013 São Paulo ATP 250 David Nalbandian
41%
2022 Acapulco ATP 500 Cameron Norrie
38%
2005 Stuttgart ATP 500 Gastón Gaudio
34%
2013 Barcelona ATP 500 Nicolás Almagro
34%
2017 Monte Carlo Masters 1000 Albert Ramos Viñolas
31%
2022 Melbourne ATP 250 Maxime Cressy
29%
2005 Madrid Masters 1000 Ivan Ljubičić
23%
2006 Barcelona ATP 500 Tommy Robredo
21%
2015 Stuttgart ATP 250 Viktor Troicki
17%
2014 Rio de Janeiro ATP 500 Alexandr Dolgopolov
14%
2015 Buenos Aires ATP 250 Juan Mónaco
13%
2008 Toronto Masters 1000 Nicolas Kiefer
12%
2007 Barcelona ATP 500 Guillermo Cañas
10%
2004 Sopot ATP 250 José Acasuso
9%
2005 Acapulco ATP 500 Albert Montañés
5%
2005 São Paulo ATP 250 Alberto Martín
3%
No matching quizzes found
Score Distribution
Percent of People with Each Score
Percentile by Number Answered
Your Score History
You have not taken this quiz